00578nam a2200169Ia 4500003000900000008004100009040001600050080002300066110003300089245015700122260005000279300000900329650001900338650001900357650001400376650001800390IN-BaIIA211028s9999 xx 000 0 eng d cIIA Library a083.7:693.156bISI aIndian Standards Institution 0aIndian Standard Code of Practice for Construction of Stone Masonrybpt. II, Ashlar MasonrycIndian Standards Institution  aNew DelhibIndian Standards Institutionc1967 a10p. aAshlar Masonry aNASA Thesaurus aStandards aStone Masonry